| 000 | 00811nam a2200229 a 4500 | ||
|---|---|---|---|
| 001 | 000021749 | ||
| 005 | 20200930011432.0 | ||
| 008 | 100910s1998 mx 000 0 spa d | ||
| 020 | _a9701810686 | ||
| 040 |
_aDO-SdBNP _bspa _cBNPHU |
||
| 082 |
_aM863.44 _bA323v |
||
| 100 | 1 |
_aAlas Clarín, Leopoldo. _945199 |
|
| 245 | 1 | 0 |
_aPara vicios y otros cuentos morales / _cLeopoldo Alas Clarín ; selección y presentación Elías Álvarez del Castillo. |
| 260 |
_aMéxico, D. F. : _bConsejo Nacional para la Cultura y las Artes, _c1998. |
||
| 300 |
_a143 p. ; _c21 cm. |
||
| 490 | 1 |
_aClásicos para hoy _v22 |
|
| 650 | 4 |
_aCuentos mexicanos _911371 |
|
| 650 | 4 |
_aLiteratura mexicana _91922 |
|
| 700 | 1 |
_aÁlvarez del Castillo, Elías, _epresent. _945200 |
|
| 830 | 0 |
_aClásicos para hoy, _v22 _928953 |
|
| 049 | _aBNGR | ||
| 999 |
_c21248 _d21248 |
||